Dr. N Chandrasekharan Nair ke sahitya mem samskritik evum rashtriya chetana/ (Record no. 63297)

000 -LEADER
fixed length control field 00548nam a22001697a 4500
020 ## - INTERNATIONAL STANDARD BOOK NUMBER
ISBN 9789383637041
082 ## - DEWEY DECIMAL CLASSIFICATION NUMBER
Classification number H 891.430 9
Item number BAN/D
100 ## - MAIN ENTRY--AUTHOR NAME
Personal name Pandith Banne
245 ## - TITLE STATEMENT
Title Dr. N Chandrasekharan Nair ke sahitya mem samskritik evum rashtriya chetana/
Statement of responsibility, etc by Pandith Banne
260 ## - PUBLICATION, DISTRIBUTION, ETC. (IMPRINT)
Place of publication Kanpur:
Name of publisher Kwality Book Publishers and Distributors,
Year of publication 2013.
300 ## - PHYSICAL DESCRIPTION
Number of Pages 152p.
650 ## - SUBJECT ADDED ENTRY--TOPICAL TERM
Topical Term Literature Hindi Dr N Chandrasekharan Nair Criticism
650 ## - SUBJECT ADDED ENTRY--TOPICAL TERM
Topical Term Literature Hindi Criticism
650 ## - SUBJECT ADDED ENTRY--TOPICAL TERM
Topical Term Literature Hindi
650 ## - SUBJECT ADDED ENTRY--TOPICAL TERM
Topical Term Literature
942 ## - ADDED ENTRY ELEMENTS (KOHA)
Koha item type Book
Holdings
Withdrawn status Lost status Damaged status Not for loan Permanent Location Current Location Shelving location Date acquired Cost, normal purchase price Full call number Accession Number Price effective from Koha item type
        Sree Sankaracharya University of Sanskrit Sree Sankaracharya University of Sanskrit Stacks 07.11.2016 300.00 H891.430 9 BAN/D 082568 07.11.2016 Book